000 00270nam a2200109Ia 4500
005 20251222152652.0
008 251222s9999||||xx |||||||||||||| ||spa||
082 _a330.981.10/P42
100 _aPeƱaherrera del Aguila, Carlos
245 0 _aLa Selva Peruana:
942 _cLIB
999 _c28481
_d28481